书目信息 |
| 题名: |
错别字纠正字典
|
|
| 作者: | 卜兆凤 , 于茂宏 编著 | |
| 分册: | ||
| 出版信息: | 北京 中国书籍出版社 2002.07 |
|
| 页数: | 448页 | |
| 开本: | 21cm | |
| 丛书名: | ||
| 单 册: | ||
| 中图分类: | H124.1-61 | |
| 科图分类: | ||
| 主题词: | 汉字--han zi--错别字--辨别--字典 | |
| 电子资源: | ||
| ISBN: | 7-5068-0926-5 | |
| 000 | 00783nam0 2200265 450 | |
| 001 | CAL 012002188533 | |
| 005 | 20050620162308.00 | |
| 010 | @a7-5068-0926-5@dCNY 22.50 | |
| 099 | @aCAL 012002188533 | |
| 100 | @a20020903d2002 em y0chiy0121 ea | |
| 101 | 0 | @achi |
| 102 | @aCN@b110000 | |
| 105 | @ay e 001yy | |
| 200 | 1 | @a错别字纠正字典@Acuo bie zi jiu zheng zi dian@f卜兆凤, 于茂宏编著 |
| 210 | @a北京@c中国书籍出版社@d2002.07 | |
| 215 | @a448页@d21cm | |
| 320 | @a有索引 | |
| 606 | 0 | @a汉字@Ahan zi@x错别字@x辨别@j字典 |
| 690 | @aH124.1-61@v4 | |
| 701 | 0 | @a卜兆凤@Abo zhao feng@4编著 |
| 701 | 0 | @a于茂宏@Ayu mao hong@4编著 |
| 801 | 0 | @aCN@bZSU@c20050620 |
| 905 | @a10447@dH124.1-61@eB974 | |
| 906 | @b黄河水利职业技术学院图书馆@dCNY 22.50@n2@r1 | |
| 998 | @aZSU | |
| 错别字纠正字典/卜兆凤, 于茂宏编著.-北京:中国书籍出版社,2002.07 |
| 448页;21cm |
| ISBN 7-5068-0926-5:CNY 22.50 |
| ● |
| 相关链接 |
|
|
|
正题名:错别字纠正字典
索取号:H124.1-61/B974
 
预约/预借
| 序号 | 登录号 | 条形码 | 馆藏地/架位号 | 状态 | 备注 |
| 1 | 534460 | 205344607 | 语言库209/209语言库 71排2列2层/ [索取号:H124.1-61/B974] | 在馆 | |
| 2 | 534461 | 205344616 | 语言库209/209语言库 71排2列2层/ [索取号:H124.1-61/B974] | 在馆 |